000 00467nam a2200181Ia 4500
003 GCL
008 140319s9999 xx 000 0 ara d
040 _aGCL /
_cGCL
082 0 4 _aق
_b320.962
_bع ح
100 1 _aعبدالحميد يونس
245 1 0 _aحكايات سياسية /
_cعبدالحميد يونس
300 _a141 ص
490 _a
650 0 4 _aمصر
650 0 4 _aتاريخ
650 0 4 _aالاحوال السياسية
942 _2ddc
_cBK
999 _c45731
_d45731